00534cam a22001692 4500001001100000005001700011008004100028040001500069100003200084245010100116250001300217260003300230300001100263650005800274700002900332852000300361000000978820151217160122.0081130s xx 000 0 eng d aKABUcKABU1 aApsley, Brenda.@000016156610aMy very first learn & know picture dictionary /cwords by Brenda Apsley; pictures by David Moss. a1st ed. aNew York :bPlaymore,c1986. a45 p. 0aEnglish languagevDictionaries, Juvinile.@00001615671 aMoss, David.@00001615681